000
00308nam a22001337a 4500
999
_c
15297
_d
15297
022
_a
978/1-119-12423-8
082
_a
633.10284
_b
BAL/DR
100
_a
Bala, B. K
_9
2938
245
_a
Drying and storage of cereal grains
250
_a
2
260
_a
U.K
_b
Wiley Blackwell
_c
2017
300
_a
335
942
_c
BK